<?xml version="1.0" encoding="UTF-8"?>
<record
    xmlns:xsi="http://www.w3.org/2001/XMLSchema-instance"
    xsi:schemaLocation="http://www.loc.gov/MARC21/slim http://www.loc.gov/standards/marcxml/schema/MARC21slim.xsd"
    xmlns="http://www.loc.gov/MARC21/slim">

  <leader>01021nam a22002297a 4500</leader>
  <controlfield tag="001">85821</controlfield>
  <controlfield tag="005">20260420142623.0</controlfield>
  <controlfield tag="007">ta</controlfield>
  <controlfield tag="008">260420s2026    sp ||||| |||| 00| 0 spa d</controlfield>
  <datafield tag="017" ind1=" " ind2=" ">
    <subfield code="a">M-2838-2026</subfield>
    <subfield code="b">Oficina Dep&#xF3;sito Legal Madrid</subfield>
  </datafield>
  <datafield tag="020" ind1=" " ind2=" ">
    <subfield code="a">979-13-87647-16-2</subfield>
  </datafield>
  <datafield tag="040" ind1=" " ind2=" ">
    <subfield code="a">M-RABA</subfield>
    <subfield code="b">spa</subfield>
    <subfield code="c">M-RABA</subfield>
  </datafield>
  <datafield tag="100" ind1=" " ind2=" ">
    <subfield code="a">Nieto de la Cierva, Fuensanta (</subfield>
    <subfield code="d">1957-</subfield>
    <subfield code="9">111677</subfield>
  </datafield>
  <datafield tag="245" ind1=" " ind2=" ">
    <subfield code="a">El museo en mutaci&#xF3;n memoria e intervenci&#xF3;n</subfield>
    <subfield code="c">/ discurso de la acad&#xE9;mica electa Excma. Sra. D&#xAA;. Fuensanta Nieto de la Cierva, le&#xED;do en el acto de su recepci&#xF3;n p&#xFA;blica el d&#xED;a 19 de abril de 2026 y contestaci&#xF3;n del acad&#xE9;mico Excmo. Sr. D. Luis Fern&#xE1;ndez-Galiano Ruiz</subfield>
  </datafield>
  <datafield tag="260" ind1=" " ind2=" ">
    <subfield code="a">Madrid : </subfield>
    <subfield code="b">Real Academia de Bellas Artes de San Fernando,</subfield>
    <subfield code="c">2026</subfield>
  </datafield>
  <datafield tag="650" ind1=" " ind2="7">
    <subfield code="a">Arquitectura</subfield>
    <subfield code="9">42568</subfield>
  </datafield>
  <datafield tag="655" ind1=" " ind2="7">
    <subfield code="a">Discursos acad&#xE9;micos.</subfield>
    <subfield code="9">54126</subfield>
  </datafield>
  <datafield tag="700" ind1=" " ind2=" ">
    <subfield code="a">Fern&#xE1;ndez-Galiano Ruiz, Luis (</subfield>
    <subfield code="d">1950-)</subfield>
    <subfield code="9">107920</subfield>
  </datafield>
  <datafield tag="710" ind1="2" ind2=" ">
    <subfield code="a">Real Academia de Bellas Artes de San Fernando.</subfield>
    <subfield code="9">75832</subfield>
  </datafield>
  <datafield tag="852" ind1=" " ind2=" ">
    <subfield code="a">M-RABA</subfield>
    <subfield code="j">Dis-544; Dis-545</subfield>
  </datafield>
  <datafield tag="942" ind1=" " ind2=" ">
    <subfield code="c">FONDOMODER</subfield>
    <subfield code="n">0</subfield>
  </datafield>
  <datafield tag="952" ind1=" " ind2=" ">
    <subfield code="0">0</subfield>
    <subfield code="1">0</subfield>
    <subfield code="2">ddc</subfield>
    <subfield code="4">0</subfield>
    <subfield code="7">0</subfield>
    <subfield code="8">DISCURSO</subfield>
    <subfield code="a">RABASF</subfield>
    <subfield code="b">RABASF</subfield>
    <subfield code="c">SL</subfield>
    <subfield code="d">2026-04-19</subfield>
    <subfield code="l">0</subfield>
    <subfield code="o">Dis-544</subfield>
    <subfield code="p">1097001</subfield>
    <subfield code="r">2026-04-20 13:42:08</subfield>
    <subfield code="w">2026-04-20</subfield>
    <subfield code="y">FONDOMODER</subfield>
  </datafield>
  <datafield tag="952" ind1=" " ind2=" ">
    <subfield code="0">0</subfield>
    <subfield code="1">0</subfield>
    <subfield code="2">ddc</subfield>
    <subfield code="4">0</subfield>
    <subfield code="7">0</subfield>
    <subfield code="8">DISCURSO</subfield>
    <subfield code="a">RABASF</subfield>
    <subfield code="b">RABASF</subfield>
    <subfield code="c">SL</subfield>
    <subfield code="d">2026-04-19</subfield>
    <subfield code="l">0</subfield>
    <subfield code="o">Dis-545</subfield>
    <subfield code="p">1097002</subfield>
    <subfield code="r">2026-04-20 13:42:08</subfield>
    <subfield code="w">2026-04-20</subfield>
    <subfield code="y">FONDOMODER</subfield>
  </datafield>
  <datafield tag="999" ind1=" " ind2=" ">
    <subfield code="c">85821</subfield>
    <subfield code="d">85821</subfield>
  </datafield>
</record>
